<?xml version="1.0" encoding="UTF-8"?>
<record
    xmlns:xsi="http://www.w3.org/2001/XMLSchema-instance"
    xsi:schemaLocation="http://www.loc.gov/MARC21/slim http://www.loc.gov/standards/marcxml/schema/MARC21slim.xsd"
    xmlns="http://www.loc.gov/MARC21/slim">

  <leader>01259pam a22003971ia4500</leader>
  <datafield tag="999" ind1=" " ind2=" ">
    <subfield code="c">170832</subfield>
    <subfield code="d">170832</subfield>
  </datafield>
  <controlfield tag="001">vtls000845304</controlfield>
  <controlfield tag="003">PNM</controlfield>
  <controlfield tag="005">20190107122904.0</controlfield>
  <controlfield tag="008">180117s2018    my ao  j      000 0 may  </controlfield>
  <datafield tag="015" ind1=" " ind2=" ">
    <subfield code="a">M18-01213</subfield>
  </datafield>
  <datafield tag="020" ind1=" " ind2=" ">
    <subfield code="a">9789670947587</subfield>
    <subfield code="c">RM199.00</subfield>
    <subfield code="q">set</subfield>
  </datafield>
  <datafield tag="020" ind1=" " ind2=" ">
    <subfield code="a">9789670947648</subfield>
    <subfield code="c">RM24.87</subfield>
    <subfield code="q">paperback</subfield>
  </datafield>
  <datafield tag="039" ind1=" " ind2="9">
    <subfield code="a">201804121148</subfield>
    <subfield code="b">amy_z</subfield>
    <subfield code="c">201801261606</subfield>
    <subfield code="d">mawarny</subfield>
    <subfield code="c">201801261549</subfield>
    <subfield code="d">mawarny</subfield>
    <subfield code="c">201801230757</subfield>
    <subfield code="d">rasidah</subfield>
  </datafield>
  <datafield tag="040" ind1=" " ind2=" ">
    <subfield code="a">BNM</subfield>
    <subfield code="b">eng</subfield>
    <subfield code="c">BNM</subfield>
    <subfield code="e">rda</subfield>
    <subfield code="d">PPAK</subfield>
  </datafield>
  <datafield tag="049" ind1=" " ind2=" ">
    <subfield code="a">mal</subfield>
  </datafield>
  <datafield tag="082" ind1="0" ind2="4">
    <subfield code="a">398.209595</subfield>
    <subfield code="2">23</subfield>
  </datafield>
  <datafield tag="090" ind1="0" ind2="0">
    <subfield code="a">398.209595</subfield>
    <subfield code="b">MUH</subfield>
    <subfield code="d">K</subfield>
  </datafield>
  <datafield tag="100" ind1="0" ind2=" ">
    <subfield code="a">Muhammad Afis,</subfield>
    <subfield code="e">author.</subfield>
  </datafield>
  <datafield tag="245" ind1="1" ind2="0">
    <subfield code="a">TUN FATIMAH &amp; TUN TEJA /</subfield>
    <subfield code="c">Muhammad Afis</subfield>
  </datafield>
  <datafield tag="246" ind1="3" ind2="3">
    <subfield code="a">Tun Fatimah dan Tun Teja</subfield>
  </datafield>
  <datafield tag="264" ind1=" " ind2="1">
    <subfield code="a">Kuala Lumpur :</subfield>
    <subfield code="b">SEMARAK MURNI ENTERPRISE,</subfield>
    <subfield code="c">[2018]</subfield>
  </datafield>
  <datafield tag="300" ind1=" " ind2=" ">
    <subfield code="a">40 pages :</subfield>
    <subfield code="b">illustrations, photographs ;</subfield>
    <subfield code="c">26 cm.</subfield>
  </datafield>
  <datafield tag="336" ind1=" " ind2=" ">
    <subfield code="a">text</subfield>
    <subfield code="2">rdacontent</subfield>
  </datafield>
  <datafield tag="337" ind1=" " ind2=" ">
    <subfield code="a">unmediated</subfield>
    <subfield code="2">rdamedia</subfield>
  </datafield>
  <datafield tag="338" ind1=" " ind2=" ">
    <subfield code="a">volume</subfield>
    <subfield code="2">rdacarrier</subfield>
  </datafield>
  <datafield tag="490" ind1="1" ind2=" ">
    <subfield code="a">Menjejaki Bukti Wujud Legenda Silam</subfield>
  </datafield>
  <datafield tag="500" ind1=" " ind2=" ">
    <subfield code="a">Includes questions and exercises</subfield>
  </datafield>
  <datafield tag="650" ind1="1" ind2="0">
    <subfield code="a">Folk literature, Malay</subfield>
  </datafield>
  <datafield tag="650" ind1="2" ind2="0">
    <subfield code="a">Legends</subfield>
  </datafield>
  <datafield tag="651" ind1="2" ind2="0">
    <subfield code="a">Melaka</subfield>
    <subfield code="x">History</subfield>
  </datafield>
  <datafield tag="830" ind1=" " ind2=" ">
    <subfield code="a">Menjejaki bukti wujud legenda silam</subfield>
  </datafield>
  <datafield tag="942" ind1=" " ind2=" ">
    <subfield code="2">ddc</subfield>
    <subfield code="c">B</subfield>
  </datafield>
  <datafield tag="949" ind1=" " ind2=" ">
    <subfield code="6">2000624691</subfield>
  </datafield>
  <datafield tag="949" ind1=" " ind2=" ">
    <subfield code="6">2000624692</subfield>
  </datafield>
  <datafield tag="949" ind1=" " ind2=" ">
    <subfield code="6">2000624690</subfield>
  </datafield>
  <datafield tag="952" ind1=" " ind2=" ">
    <subfield code="0">0</subfield>
    <subfield code="7">0</subfield>
    <subfield code="b">PPAK</subfield>
    <subfield code="c">K</subfield>
    <subfield code="d">2019-02-11</subfield>
    <subfield code="l">2</subfield>
    <subfield code="o">K 398.209595 MUH</subfield>
    <subfield code="p">A01592188</subfield>
    <subfield code="r">2026-02-09 16:49:18</subfield>
    <subfield code="s">2026-01-11</subfield>
    <subfield code="y">B</subfield>
  </datafield>
  <datafield tag="952" ind1=" " ind2=" ">
    <subfield code="0">0</subfield>
    <subfield code="7">0</subfield>
    <subfield code="b">PPAK</subfield>
    <subfield code="c">K</subfield>
    <subfield code="d">2019-02-11</subfield>
    <subfield code="l">1</subfield>
    <subfield code="o">K 398.209595 MUH</subfield>
    <subfield code="p">A01592189</subfield>
    <subfield code="r">2020-08-30 00:00:00</subfield>
    <subfield code="s">2020-08-03</subfield>
    <subfield code="y">B</subfield>
  </datafield>
  <datafield tag="952" ind1=" " ind2=" ">
    <subfield code="0">0</subfield>
    <subfield code="7">0</subfield>
    <subfield code="b">SP</subfield>
    <subfield code="c">K</subfield>
    <subfield code="d">2019-02-11</subfield>
    <subfield code="o">K 398.209595 MUH</subfield>
    <subfield code="p">A01592190</subfield>
    <subfield code="r">2019-02-11 00:00:00</subfield>
    <subfield code="y">B</subfield>
  </datafield>
  <datafield tag="952" ind1=" " ind2=" ">
    <subfield code="0">0</subfield>
    <subfield code="7">0</subfield>
    <subfield code="b">LW</subfield>
    <subfield code="c">K</subfield>
    <subfield code="d">2019-02-11</subfield>
    <subfield code="o">K 398.209595 MUH</subfield>
    <subfield code="p">A01592191</subfield>
    <subfield code="r">2019-02-11 00:00:00</subfield>
    <subfield code="y">B</subfield>
  </datafield>
  <datafield tag="952" ind1=" " ind2=" ">
    <subfield code="0">0</subfield>
    <subfield code="7">0</subfield>
    <subfield code="b">KM</subfield>
    <subfield code="c">K</subfield>
    <subfield code="d">2019-02-11</subfield>
    <subfield code="o">K 398.209595 MUH</subfield>
    <subfield code="p">A01592192</subfield>
    <subfield code="r">2019-02-11 00:00:00</subfield>
    <subfield code="y">B</subfield>
  </datafield>
  <datafield tag="952" ind1=" " ind2=" ">
    <subfield code="0">0</subfield>
    <subfield code="7">0</subfield>
    <subfield code="b">BL</subfield>
    <subfield code="c">K</subfield>
    <subfield code="d">2019-02-11</subfield>
    <subfield code="o">K 398.209595 MUH</subfield>
    <subfield code="p">A01592193</subfield>
    <subfield code="r">2019-02-11 00:00:00</subfield>
    <subfield code="y">B</subfield>
  </datafield>
</record>
